| 000 | 00979nam a2200301Ia 4500 | ||
|---|---|---|---|
| 008 | |||
| 020 | _a9781118218303n(hbk.) | ||
| 040 |
_aMAIN _cNUST _c(19/30) |
||
| 050 | 0 | 4 |
_aT58.64 _bSMA |
| 100 | 1 | _aSmallwood, Robert F. | |
| 245 | 1 | 0 |
_aInformation governance : _bconcepts, strategies and best practices / _cRobert F. Smallwood |
| 260 |
_aHoboken, NJ : _bJ. Wiley & Sons, _cc2014 |
||
| 300 |
_axvii, 442 pages : _billustrations ; _c26 cm. |
||
| 336 |
_atext _btxt _2rdacontent |
||
| 337 |
_acomputer _bc _2rdamedia |
||
| 338 |
_aonline resource _bcr _2rdacarrier |
||
| 440 | 1 | _aWiley CIO series | |
| 500 | _aIncludes index. | ||
| 504 | _aInlcudes bibliographical references. | ||
| 650 | 0 | _aInformation resources management | |
| 655 | 0 | _aElectronic books | |
| 710 | 2 | _aOhio Library and Information Network | |
| 907 |
_a.b10397206 _b20-03-19 _c18-03-19 |
||
| 003 | |||
| 005 | 20230123141138.0 | ||
| 049 | _aMAIN | ||
| 942 | _cBOOKS | ||
| 999 |
_c168455 _d168455 |
||